[Event "Flamenco Veterans-Women"]
[Site "Marbella"]
[Date "1999.10.22"]
[Round "2"]
[White "Zhu, Chen"]
[Black "Kortschnoj, Viktor Lvovich"]
[Result "0-1"]
[WhiteElo "2503"]
[BlackElo "2676"]
[PlyCount "118"]
[EventDate "1999.10.21"]
[EventType "schev"]
[EventRounds "10"]
[EventCountry "ESP"]
[SourceTitle "CBM 074"]
[Source "ChessBase"]
[SourceDate "2000.02.01"]
[SourceVersion "1"]
[SourceVersionDate "2000.02.01"]
[SourceQuality "1"]

1. Nf3 d5 2. d4 e6 3. g3 c5 4. Bg2 Nc6 5. O-O Qb6 6. dxc5 Bxc5 7. Nc3 Bb4 8. e4
d4 9. Ne2 e5 10. c3 dxc3 11. Nxc3 Bxc3 12. bxc3 Be6 13. Qa4 f6 14. Nd2 Nge7 15.
Ba3 Qa5 16. Qxa5 Nxa5 17. f4 Nec6 18. fxe5 Nxe5 19. Nf3 Nac4 20. Bc5 b6 21. Bd4
Rc8 22. Rf2 O-O 23. h3 Nc6 24. Bf1 Rfe8 25. Re1 Nd6 26. Rd2 Nxd4 27. cxd4 Rc3
28. Kf2 Bf5 29. exf5 Rxf3+ 30. Kxf3 Rxe1 31. Bd3 Kf8 32. Rc2 Ke8 33. Rc7 Re7
34. Rxe7+ Kxe7 35. Ke3 Kd7 36. d5 b5 37. Kd4 Kc7 38. Kc5 a6 39. g4 Nb7+ 40. Kd4
Kd6 41. Bf1 Nc5 42. Be2 Nd7 43. Bd1 Nb6 44. Bb3 Na8 45. a3 Nc7 46. Ba2 a5 47.
Bb3 a4 48. Ba2 h6 49. h4 Na6 50. Bb1 b4 51. Kc4 bxa3 52. Ba2 Nc7 53. Kd4 Na8
54. Kc4 Nb6+ 55. Kd4 Nd7 56. h5 Ne5 57. Bb1 Nxg4 58. Ba2 Ne5 59. Bb1 Nd7 0-1

[Event "Flamenco Veterans-Women"]
[Site "Marbella"]
[Date "1999.10.26"]
[Round "5"]
[White "Kortschnoj, Viktor Lvovich"]
[Black "Cramling, Pia"]
[Result "1-0"]
[WhiteElo "2676"]
[BlackElo "2504"]
[PlyCount "143"]
[EventDate "1999.10.21"]
[EventType "schev"]
[EventRounds "10"]
[EventCountry "ESP"]
[SourceTitle "CBM 074"]
[Source "ChessBase"]
[SourceDate "2000.02.01"]
[SourceVersion "1"]
[SourceVersionDate "2000.02.01"]
[SourceQuality "1"]

1. d4 Nf6 2. c4 c5 3. d5 b5 4. cxb5 a6 5. bxa6 g6 6. Nc3 Bxa6 7. e4 Bxf1 8.
Kxf1 d6 9. g3 Bg7 10. Kg2 O-O 11. Nf3 Nbd7 12. h3 Ra6 13. Re1 Qa8 14. Bg5 h6
15. Bd2 e6 16. dxe6 fxe6 17. a4 g5 18. Ra3 Rb6 19. Bc1 Qc6 20. Rb3 Ra6 21. Ra3
d5 22. exd5 exd5 23. Kg1 d4 24. Nb5 Nd5 25. h4 g4 26. Nh2 h5 27. b3 Qg6 28. Ra2
Nb4 29. Rd2 Ne5 30. Ba3 Ned3 31. Bxb4 Nxb4 32. Qc1 Bh6 33. Qc4+ Qf7 34. Qxf7+
Rxf7 35. Rdd1 Rf5 36. Re8+ Kf7 37. Rde1 Bf8 38. R8e5 Raf6 39. Rxf5 Rxf5 40. Kg2
Nd5 41. a5 Nb4 42. f3 Nc2 43. Re4 c4 44. bxc4 d3 45. Nf1 gxf3+ 46. Kh3 Nb4 47.
Rf4 Kf6 48. Nd2 Bh6 49. Rxf5+ Kxf5 50. Nd4+ Ke5 51. N4xf3+ Kd6 52. Nb3 Na6 53.
g4 hxg4+ 54. Kxg4 Nc5 55. Nbd2 Kc7 56. Kf5 Nb7 57. Ke4 Nxa5 58. Kxd3 Kd6 59.
Ng5 Bg7 60. Ke4 Bc3 61. Kf5 Ke7 62. Nge4 Ba1 63. Kg6 Nc6 64. Nf3 Nb8 65. Nc5
Nc6 66. Nb3 Bc3 67. h5 Nd8 68. Nbd4 Nb7 69. h6 Nd8 70. h7 Nf7 71. Kg7 Bb2 72.
c5 1-0

[Event "Flamenco Veterans-Women"]
[Site "Marbella"]
[Date "1999.10.27"]
[Round "6"]
[White "Galliamova, Alisa"]
[Black "Kortschnoj, Viktor Lvovich"]
[Result "0-1"]
[WhiteElo "2556"]
[BlackElo "2676"]
[PlyCount "78"]
[EventDate "1999.10.21"]
[EventType "schev"]
[EventRounds "10"]
[EventCountry "ESP"]
[SourceTitle "CBM 074"]
[Source "ChessBase"]
[SourceDate "2000.02.01"]
[SourceVersion "1"]
[SourceVersionDate "2000.02.01"]
[SourceQuality "1"]

1. d4 Nf6 2. c4 e6 3. Nf3 b6 4. Nc3 Bb7 5. a3 d5 6. cxd5 Nxd5 7. e3 c5 8. Bb5+
Bc6 9. Qa4 Qd7 10. Nxd5 exd5 11. Bxc6 Qxc6 12. Qxc6+ Nxc6 13. dxc5 bxc5 14. Ke2
a5 15. Rd1 Rd8 16. Bd2 a4 17. Bc3 h5 18. Rd2 Rh6 19. Rad1 Rhd6 20. Ne5 Nxe5 21.
Bxe5 R6d7 22. h3 Ke7 23. g4 hxg4 24. hxg4 g5 25. Bc3 Ke6 26. Kd3 d4 27. exd4
cxd4 28. Re1+ Kf6 29. Bb4 Bxb4 30. axb4 Rb8 31. Re4 Rxb4 32. Ke2 Rdb7 33. Rexd4
Rxd4 34. Rxd4 Rxb2+ 35. Ke3 a3 36. Ra4 a2 37. f4 gxf4+ 38. Kf3 Ke5 39. Ra5+ Kd4
0-1

[Event "Flamenco Veterans-Women"]
[Site "Marbella"]
[Date "1999.10.31"]
[Round "9"]
[White "Kortschnoj, Viktor Lvovich"]
[Black "Xie, Jun"]
[Result "1-0"]
[WhiteElo "2676"]
[BlackElo "2528"]
[PlyCount "101"]
[EventDate "1999.10.21"]
[EventType "schev"]
[EventRounds "10"]
[EventCountry "ESP"]
[SourceTitle "CBM 074"]
[Source "ChessBase"]
[SourceDate "2000.02.01"]
[SourceVersion "1"]
[SourceVersionDate "2000.02.01"]
[SourceQuality "1"]

1. d4 Nf6 2. c4 g6 3. Nc3 Bg7 4. e4 d6 5. Be2 O-O 6. Nf3 e5 7. O-O Nc6 8. d5
Ne7 9. Ne1 Nd7 10. Be3 f5 11. f3 f4 12. Bf2 g5 13. b4 Nf6 14. c5 Ng6 15. a4 h5
16. c6 Bh6 17. b5 b6 18. a5 g4 19. axb6 cxb6 20. fxg4 hxg4 21. g3 Rf7 22. Bd3
Nh7 23. Kh1 Ng5 24. Ra2 Qc7 25. Be2 Nh3 26. gxf4 Rxf4 27. Bg3 Rxf1+ 28. Bxf1
Ngf4 29. Nd3 Qf7 30. Nf2 Qg6 31. Be2 Kh8 32. Qf1 Qg5 33. Bd1 Nh5 34. Nxh3 Nxg3+
35. hxg3 gxh3 36. Qf3 a6 37. Kh2 Kg8 38. Be2 a5 39. Bd1 Ra7 40. Rf2 Rg7 41. Na4
Qg6 42. Rf1 Bf4 43. gxf4 exf4 44. Be2 Qg2+ 45. Qxg2 Rxg2+ 46. Kh1 Rxe2 47. Nxb6
Bg4 48. Rg1 f3 49. Rxg4+ Kh7 50. c7 f2 51. Rf4 1-0

[Event "EU-chT (Men) 12th"]
[Site "Batumi"]
[Date "1999.12.04"]
[Round "6.1"]
[White "Kortschnoj, Viktor Lvovich"]
[Black "Istratescu, Andrei"]
[Result "1-0"]
[WhiteElo "2676"]
[BlackElo "2570"]
[Annotator "Golod,V"]
[PlyCount "87"]
[EventDate "1999.11.06"]
[EventType "team-swiss"]
[EventRounds "9"]
[EventCountry "GEO"]
[SourceTitle "CBM 074"]
[Source "ChessBase"]
[SourceDate "2000.02.01"]
[SourceVersion "1"]
[SourceVersionDate "2000.02.01"]
[SourceQuality "1"]
[WhiteTeam "Switzerland"]
[BlackTeam "Romania"]
[WhiteTeamCountry "SUI"]
[BlackTeamCountry "ROU"]

1. d4 Nf6 2. c4 e6 3. Nc3 Bb4 4. Qc2 O-O 5. Nf3 c5 {Is the main line,other
lines are: 5...d5;5...d6 and 5...b6.} 6. a3 $5 {Other options are:} (6. e3) (6.
Bg5) ({and} 6. dxc5 $5 {See comments to Sokolov,I-Arlandi,E/Pula, 1997/CBM
57ext (0-1)(Petursson)(37)}) 6... Bxc3+ 7. bxc3 ({Another alternative is:} 7.
Qxc3 $5) 7... d5 $5 {Besides this move:7...Qa5!?;7...d6!?; 7...Qc7; 7...cxd4;7.
..Nc6!?;7...b6 and 7...h6?!-was checked in the previous games.} 8. e3 b6 $5 {
This move probably better than:} (8... Nc6) (8... dxc4) (8... Qa5) (8... Nbd7)
(8... cxd4) ({and} 8... Qc7 {(see previous games in this variation).}) 9. cxd5
$5 ({A little worse is:} 9. Bb2 Ba6 10. cxd5 Bxf1 11. Kxf1 Qxd5 (11... exd5 $5)
12. c4 Qc6 13. Ne5 Qc7 $11 {Dydyshko,V-Lerner,K/St.Petersburg,1992 (1-0)(36)})
({and} 9. Bd3 dxc4 10. Bxc4 Bb7 11. O-O Nbd7 12. Qe2 Qe7 $11 {Quinteros,
M-Bronstein,L/Buenos Aires,1966 (1-0)(49)}) (9. Be2 $6 Ba6 10. Ne5 Qc7 11. O-O
$6 (11. cxd5 $142) 11... cxd4 12. cxd4 Rc8 13. Bb2 Nfd7 $17 {[%csl Rc4] Dao
Thien Hai-Zagrebelny,S/Tehra,1998 (1-0)(40)}) 9... exd5 ({Interestingly:} 9...
Qxd5 $5 10. c4 $140 (10. Be2 $6 cxd4 11. cxd4 Ba6 12. O-O Rc8 13. Qd1 Bxe2 14.
Qxe2 Nc6 $11 {=/=/+ Asgeirsson,A-O'Donovan,J/Buenos Aires,1939(½-½)(23)})
10... Qh5 $5 (10... Qd6 $6 11. e4 $1 $36 {[%csl Rd6,Rf6][%cal Ge4e5]
Alatortsev,V-Kan,I/Moscow,1945(0-1)(47)}) 11. Be2 Bb7 $13) 10. a4 $5 $146 {
[%csl Rb6,Rc5][%cal Ga4a5][%mdl 8]} (10. Bd3 $143 Nc6 11. O-O Re8 12. Bb2 Qd6
13. Rfe1 Bd7 {Kchouk,B-Vizantiadis,L/Varna,1962(1-0)(30)}) ({Dubious:} 10. Be2
Nc6 11. O-O c4 12. Nd2 Re8 13. a4 g6 14. Ba3 Bf5 $15 {1/2-1/2 Caldero-Lhagva,J/
Siegen 1970/MCD (61)}) (10. c4 $5 Bb7 (10... Re8 $143 11. Bb2 Bb7 12. cxd5 cxd4
13. Bb5 Nbd7 14. Bxd4 Bxd5 15. Qf5 $14 {Novak,J-Miskovsky,P/Prague,1995(1/2-1/
2) (39)}) 11. Bb2 Nc6 12. cxd5 Qxd5 13. Bc4 Qh5 14. Be2 (14. d5 $5 Nxd5 $140 $2
15. g4 $16) 14... cxd4 15. Nxd4 Nxd4 16. Bxd4 Qg5 $11 {Turecek,V-Szirmai,E/
Pardubice,1994(1-0) (43)}) ({Also possibly:} 10. dxc5 bxc5 11. Be2 Nc6 (11...
Ba6 $5 12. O-O Bxe2 13. Qxe2 c4 14. Rd1 Qa5 $11 {Maderna,C-Nogues Acuna,A/
Rosario,1929 (0-1)(36)}) 12. O-O c4 13. Rd1 Qa5 14. Nd4 Bd7 15. f3 $11 {
[%csl Re4][%cal Yf3e4] Nimzowitsch,A-Marshall,F/London,1927 (0-1)(30) Is the
first game in this variation.}) 10... Ne4 $6 {[%csl Ye4][%cal Gc8f5]} ({
Also dubious:} 10... Nc6 11. Ba3 Qe7 12. Bb5 $14) ({Can be recommended:} 10...
Ba6 $5 11. Bb5 (11. Bxa6 $143 Nxa6 12. O-O Re8 $11) (11. a5 $143 Bxf1 12. Kxf1
Nc6 $11) 11... Bxb5 12. axb5 Re8 {+/=/=} (12... a5 $5)) 11. a5 Bf5 ({After:} 
11... bxa5 12. dxc5 Nxc5 13. Ba3 Qb6 14. Rb1 Qc7 15. c4 {white has a full
compencation for a pawn and apparently better position.}) 12. axb6 Nc6 ({
Impossibly:} 12... Ng3 {in view of:} 13. b7 Bxc2 14. bxa8=Q Nxh1 15. Rxa7 $18 {
[%csl Rh1]}) ({Probably slight better is:} 12... Qxb6 13. dxc5 Qxc5 14. Ba3 $5
Qa5 $140 {[%csl Ra1]} 15. Bb2 {/\16.Nd4+/=}) 13. b7 $1 {Is the best move.} ({
Also good enough:} 13. dxc5 axb6 ({Badly:} 13... Ng3 {because of:} 14. Qa4 Nxh1
$140 15. b7 $1 Rb8 (15... Qf6 16. bxa8=Q Rxa8 17. Bb5 $18) 16. Qxc6 $18) 14.
Rxa8 Qxa8 15. Nh4 $14) 13... Rb8 14. dxc5 Rxb7 ({Again very badly:} 14... Ng3 {
in view of:} 15. Qa4) (14... Qf6 {[%csl Rc6][%cal Ge4g3,Yf6c6]} 15. Bd3 Rxb7 {
transfer to 14...Rb7}) 15. Bd3 $14 Qf6 ({In my opinion better is:} 15... Bg6
16. O-O $140 Nxc5 17. Bxg6 hxg6 18. Ba3 Qa5 (18... Qe7 $2 19. c4 {[%csl Rc5]})
19. c4 Nb3 20. Qb2 (20. Ra2 $5 $14) 20... Rfb8 $1 (20... Nxa1 $143 21. Qxb7
Qxa3 22. Qxc6 dxc4 23. Qxc4 $16) 21. Bf8 {[%csl Ra5,Rg8]} Nbd4 $8 22. Qxd4 Nxd4
23. Rxa5 Ne2+ (23... Nxf3+ $2 24. gxf3 Kxf8 25. cxd5 $16) 24. Kh1 Kxf8 25. cxd5
Rb1 26. Ra1 Rxf1+ 27. Rxf1 a5 $14) 16. O-O ({A little worse is right away
(without 16.0-0):} 16. Nd4 Nxf2 $6 {[%csl Rd3,Rh1]} (16... Ne5 $5) 17. Qxf2
Nxd4 $8 18. exd4 (18. cxd4 $5) 18... Bxd3 19. Qxf6 gxf6 {+/=/+/-}) 16... Bg6 {
[%cal Ge4c5]} 17. Nd4 Ne5 ({After:} 17... Nxc5 $2 {white has a forced win:} 18.
Bxg6 hxg6 19. Ba3 Nxd4 (19... Qd6 $143 20. Nb3 Rxb3 21. Bxc5 Qxc5 22. Qxb3 $18)
20. cxd4 Nb3 21. Bxf8 Nxa1 22. Qc8 $1 {[%csl Rb7,Rf6,Rg8][%cal Gf8e7]} Qa6 $8
23. e4 Kh7 (23... dxe4 $2 24. Ba3+ Kh7 25. Qh3+ Kg8 26. Rxa1 $18 {[%cal Yh3a3]}
) 24. exd5 $18) 18. c6 $6 ({Much better is:} 18. Ra6 {/\19.c6+/-}) 18... Nxc6
19. f3 Ng5 ({Badly:} 19... Nc5 $2 {in view of:} 20. Bxg6 fxg6 21. Ba3 {[%csl
Ga3,Rc5,Rf8]} Qd6 22. c4 Nb4 23. Bxb4 Rxb4 24. cxd5 Qxd5 25. Rxa7 $16) (19...
Nxd4 20. cxd4 Ng5 (20... Nd6 $2 21. Bxg6 hxg6 22. Qc6 {[%csl Rd5]} Qe6 23. Ra6
$16) 21. Bxg6 fxg6 22. Qc5 {[%csl Ra7,Rd5]} Qf7 $14) 20. h4 Nxd4 $8 ({Loses
right away:} 20... Bxd3 $2 21. Qxd3 {[%csl Rc6,Rg5]} Ne5 (21... Nxd4 22. hxg5
$18) 22. hxg5 $18) 21. cxd4 Ne6 $2 {Evident tactical blunder.} ({It is
neseccary:} 21... Bxd3 22. Qxd3 Ne6 23. Ra5 Rd8 $14) 22. Bxg6 hxg6 23. Qc6 {
[%csl Rb7,Rd5]} Rc7 ({Also after:} 23... Rfb8 24. Qxd5 Qxh4 25. Qe5 {[%cal
Gd4d5] white has a big advantage.}) 24. Qxd5 Qxh4 25. Bd2 (25. Qe5 $142 {
/\26.d5+/-}) 25... Rd8 26. Qe5 {[%cal Gd4d5]} Rcd7 $6 ({More strongly:} 26...
Re7 27. Be1 Qf6 28. Bg3 Qxe5 (28... Nxd4 $4 29. Qxf6 Ne2+ 30. Kf2 {[%csl Re2]})
29. Bxe5 f6 30. Bg3 {+/=/+/-}) 27. Ra5 {[%csl Ra7][%cal Ya5d5,Gf1a1]} Qf6 28.
Rfa1 Qxe5 29. Rxe5 $16 Ra8 {Is the passive move.Can be recommended:} (29... Rc8
30. Rea5 Rcc7 $16) 30. Rea5 {White's plan is: Ra6(פe6) and Be1-g3(/^b8-h1)}
Nd8 ({Senselessly:} 30... f5 {because of:} 31. d5 Nc7 32. e4 $18 {[%csl Gd5,
Ge4]}) 31. Ra6 Ne6 32. Be1 $1 {[%cal Ge1g3,Gg3b8]} Kf8 33. Bg3 {Now white's
plan is: 34.R1a5 and maybe 35.d5} Rb7 (33... Ke8 $142 {[%cal Ye8d7]}) 34. d5
Nc7 35. R6a5 Ke8 36. e4 {[%csl Ra7][%cal Gg3f2]} Kd7 37. Bf2 $5 {[%csl Ra7]} a6
$140 38. Bg3 $1 {[%csl Ra6,Yc7][%cal Gg3c7]} Rb6 39. Bf4 (39. R5a4 $5 {/\Be1-a5
}) 39... f6 40. Bg3 {Probably because of the zeitnot white makes these moves
(39.Bf4 and 40.Bg3).} g5 41. R5a4 {[%cal Gg3e1,Ge1a5]} Kd8 42. Be1 Kd7 43. Ba5
$18 Rd6 44. Kf2 {[%csl Ga5,Ra6,Rc7,Gd5,Ge4,Gf3,Rf6,Gg2,Rg5,Rg7] Black resigns
in the absolutely strategical losing position.} 1-0

[Event "Corus"]
[Site "Wijk aan Zee"]
[Date "2000.01.30"]
[Round "13"]
[White "Kortschnoj, Viktor Lvovich"]
[Black "Piket, Jeroen"]
[Result "1-0"]
[WhiteElo "2659"]
[BlackElo "2633"]
[Annotator "Gershon,A"]
[PlyCount "119"]
[EventDate "2000.01.15"]
[EventType "tourn"]
[EventRounds "13"]
[EventCountry "NED"]
[EventCategory "18"]
[SourceTitle "CBM 075"]
[Source "ChessBase"]
[SourceDate "2000.04.05"]
[SourceVersion "1"]
[SourceVersionDate "2000.04.05"]
[SourceQuality "1"]

{[%mdl 5120]} 1. d4 Nf6 2. c4 e6 3. Nf3 d5 4. Nc3 Nbd7 5. e3 Be7 6. b3 O-O 7.
Bd3 b6 8. O-O Bb7 9. Bb2 c5 10. Qe2 a6 $2 {A very rare move ( according to my
database has been played only twice before this game.) The idea of this move
is to prevent white from swapping the light colored bishops.However,black
loses a tempo and somewhat weakens his Q side.} (10... cxd4 11. exd4 Rc8 12.
Rfe1 (12. Rac1 Re8 13. Rfd1 Nf8 14. Ne5 {1/2-1/2 Notkin,M-Sakaev,K/Vrnjacka
Banja 1996/EXT 2000 (14)}) 12... Re8 13. Ne5 Nf8 14. Rac1 Ng6 15. g3 Bb4 16. a3
Bxc3 17. Bxc3 Rc7 18. c5 Ne4 19. Nxg6 hxg6 20. b4 e5 21. dxe5 bxc5 22. bxc5
Rxc5 23. Bd4 Rxc1 24. Rxc1 $14 {0-1 Siegel,N-Goldin,A/Philadelphia 1998/EXT 99
(29)}) (10... Rc8 11. cxd5 exd5 12. Rfd1 Re8 (12... Qc7 13. Rac1 Rfd8 14. Bf5
Qb8 15. Ne5 Qa8 16. Nxd7 Nxd7 17. dxc5 bxc5 18. Nxd5 $1 Bxd5 19. Bxd7 Rxd7 20.
Qg4 Bf8 21. Qxd7 $18 {1-0 Yakovich,Y-Vshivkov,K/Omsk/Perm 1998/EXT 2000 (46)})
13. Ba6 cxd4 14. Nxd4 Bxa6 15. Qxa6 Bc5 16. h3 Ne5 17. Nde2 Rc7 18. Qb5 Rd7 19.
Rac1 h6 20. Na4 Bf8 21. Nf4 Rd6 22. Rc2 Qd7 23. Qxd7 Rxd7 24. Rcd2 $16 {
1/2-1/2 Merino Garcia,R-Batsanin,D/Murek 1998/CBM 65 ext (83)}) (10... Ne4 $5
11. Rfd1 cxd4 12. exd4 Nxc3 13. Bxc3 Ba3 (13... Rc8 14. Rac1 Bd6 (14... Re8 15.
Bd2 Bf6 16. Bf4 g6 17. Ne5 Nxe5 18. Bxe5 Bg5 19. Rc2 Bh6 20. c5 f6 21. Bg3 e5
22. Bb5 Re6 23. b4 Qe7 24. dxe5 bxc5 25. bxc5 Rxc5 26. Bd7 $16 {1-0 Tulchinsky,
M-Akhmedzhanov,M/Orel 1997/EXT 99 (31)}) 15. Bd2 Nf6 16. Bg5 h6 17. Bh4 Be7 18.
Ne5 Ne4 19. Bxe7 Qxe7 20. Qe3 Rfd8 21. Bb1 Nf6 22. c5 bxc5 23. dxc5 Bc6 24. b4
$16 {1-0 Alterman,V-Kraidman,Y/ISR-ch 1986/CBM 01 (39)}) 14. Bd2 Rc8 15. Bf4 h6
16. Rab1 Qe7 17. Bg3 dxc4 18. bxc4 Bd6 19. a4 Bxg3 20. hxg3 Rfd8 21. a5 Qd6 22.
axb6 axb6 23. Qe3 $11 {1/2-1/2 Lugovoi,A-Burmakin,V/Novgorod 1995/EXT 2000 (31)
}) 11. cxd5 exd5 12. Rfd1 Re8 (12... Rc8 13. Bf5 {[%cal Gf5c8] with an
unpleasant pin}) 13. Bf5 b5 {[%cal Gc5c4]} (13... cxd4 14. Nxd4 Bc5 15. Rac1
Qe7 $14 {[%cal Gc5a3]}) 14. dxc5 Nxc5 15. Qe1 {[%csl Rd5,Ge2][%cal Gc3e2,Ge2f4]
Freeing a square for the knight.} ({An attempt to exploit the pin on the 'd'
file by:} 15. e4 $5 {fails to} g6 (15... Bf8 16. e5 b4 17. Na4 Nxa4 18. bxa4
Qa5 19. e6 fxe6 20. Bxe6+ Kh8 21. Ng5 Bc8 $8 22. Bxf6 {[%cal Ge2h5]} Bxe6 23.
Nxe6 Qb6 24. Re1 gxf6 25. Qg4 $16) (15... Nfxe4 16. Nxe4 Nxe4 17. Bxe4 Bd6 18.
Bxh7+ Kxh7 19. Qd3+ $16) 16. Nxd5 Bxd5 (16... Nxd5 $2 17. exd5 Bf8 (17... gxf5
18. Qe5 f6 19. Qxf5 $44) (17... Bf6 18. Bxf6 Qxf6 19. Qc2 $14 {[%csl Gc5]}) 18.
Qc2 gxf5 19. Qxf5 Bc8 20. Qh5 {[%cal Gf3g5]} Ne4 21. Re1 $44) 17. exd5 gxf5 18.
Qe5 {[%cal Gd5d6]} Nce4 19. Qxf5 Qd7 $19) 15... Qb6 16. Rac1 b4 17. Ne2 a5 18.
Bd4 $1 g6 {[%csl Gc8]} (18... Nfe4 19. Nf4 Rad8 20. Ne5 Qh6 21. f3 Nc3 22. Bxc3
bxc3 23. Qxc3 $16) 19. Bb1 (19. Bh3 Nfe4 $132) 19... Rac8 (19... Rad8 {[%csl
Gd5]} 20. Nf4 $16 {[%csl Rc5][%cal Gf3e5,Ge5d3]}) 20. Nf4 Qa6 21. Bxf6 Bxf6 22.
Nxd5 Bxd5 23. Rxd5 Bc3 24. Qf1 Qxf1+ 25. Kxf1 $16 {Now it's a matter of
technique, although not simple at all.However, Victor Lvovich is one of the
best in business..} a4 (25... h5 $142) 26. bxa4 Nxa4 27. g4 $1 {Preventing
black from playing h5} Kg7 28. Kg2 Red8 {Black correctly assesses that he will
have better chances without the rooks} 29. Rcd1 Bf6 30. Rxd8 Rxd8 31. Rxd8 Bxd8
32. Bc2 Nc3 33. Bb3 Be7 34. Ne5 f6 35. Nc6 Bd6 36. h3 {White's plan consists
of the following steps: 1.make the K side pawn unreachable for black (he
already achieved the best setup for that) 2.bring the king to the Q side
keeping an eye on black's counterchances 3.win the b4 pawn. Black on his turn
tries to bring his king as well, but....} Kf8 37. Kf1 Bc5 38. Ke1 Ke8 39. Be6
$1 {"Where do you think you are going?"} Ne4 40. h4 Nc3 (40... Bd6 41. f3 Nc3
42. Kd2 $18) 41. Kd2 Ne4+ 42. Ke2 Bd6 43. f3 Nc5 44. Bc4 Nd7 (44... Na4 $142
45. Kd2 Kd7 46. Nd4 {[%cal Gc4b5]} Nc3 47. Bg8 h6 48. Bf7 g5 49. h5 $18 {
[%csl Rb4,Rf6,Rh6]}) 45. Bb5 $22 {[%cal Gb5e8]} Kf8 (45... Bc5 46. Nb8) 46.
Nxb4 Bxb4 47. Bxd7 Ke7 {Although opposite colored bishop endings are known fir
their drawinsh tendencies this isn't the case here.While the bishop and the
king are drawn to the Q side to stop the pawn white will have enough time to
take the weak h pawn and win the game.} 48. Bc8 h6 49. a4 Kd6 50. Kd3 Ke5 (
50... Kc5 51. Ke4 Bd2 52. Bd7 Kb4 53. Be8 g5 54. h5 $18 {[%cal Ge4g6]}) 51. Bd7
g5 52. h5 Ba5 53. Bc8 Bb6 54. Bf5 Ba5 55. Kc4 Bd2 56. Kc5 Bxe3+ 57. Kc6 {
[%cal Ga4a6,Gc6b7]} Bd2 58. Kd7 {[%cal Gd7e8,Ge8g6]} Kf4 59. Ke6 Kxf3 60. Kf7 {
the pawns are unstoppable} 1-0

[Event "SUI-chT"]
[Site "Switzerland"]
[Date "2000.??.??"]
[Round "?"]
[White "Mantovani, Renzo"]
[Black "Kortschnoj, Viktor Lvovich"]
[Result "0-1"]
[WhiteElo "2415"]
[BlackElo "2659"]
[PlyCount "50"]
[EventDate "2000.02.??"]
[EventType "team-tourn"]
[EventRounds "9"]
[EventCountry "SUI"]
[SourceTitle "EXT 2001"]
[Source "ChessBase"]
[SourceDate "2000.11.22"]
[SourceVersion "1"]
[SourceVersionDate "2000.11.22"]
[SourceQuality "1"]

1. d4 Nf6 2. Nf3 g6 3. Bg5 Bg7 4. Nbd2 d5 5. Bxf6 exf6 6. e3 O-O 7. Be2 f5 8.
O-O Nc6 9. c4 dxc4 10. Nxc4 Be6 11. Nfe5 f4 12. Nxc6 bxc6 13. exf4 Bxd4 14. Qc2
Qf6 15. g3 Rad8 16. Rad1 Bh3 17. Rfe1 g5 18. Bd3 gxf4 19. Bxh7+ Kg7 20. Be4
Rfe8 21. Bg2 Bg4 22. Rc1 Bf5 23. Qb3 Rxe1+ 24. Rxe1 Bd3 25. gxf4 Bxf2+ 0-1

[Event "Goodricke op 11th"]
[Site "Kolkata"]
[Date "2000.02.07"]
[Round "2"]
[White "Kortschnoj, Viktor Lvovich"]
[Black "Thipsay, Praveen Mahadeo"]
[Result "1-0"]
[WhiteElo "2659"]
[BlackElo "2475"]
[PlyCount "49"]
[EventDate "2000.02.05"]
[EventType "swiss"]
[EventRounds "11"]
[EventCountry "IND"]
[SourceTitle "CBM 074 Extra"]
[Source "ChessBase"]
[SourceDate "2000.03.10"]
[SourceVersion "2"]
[SourceVersionDate "2000.03.10"]
[SourceQuality "1"]

1. d4 Nf6 2. c4 g6 3. Nc3 Bg7 4. e4 d6 5. f3 O-O 6. Nge2 e5 7. Bg5 c6 8. Qd2
Nbd7 9. O-O-O Qa5 10. Kb1 a6 11. Nd5 Qxd2 12. Ne7+ Kh8 13. Rxd2 Nb6 14. dxe5
dxe5 15. c5 Nbd7 16. Be3 Re8 17. Nxc8 Raxc8 18. Nc1 Bf8 19. Nb3 Kg7 20. g3 Rc7
21. Bh3 Be7 22. Rhd1 Nf8 23. Na5 Ne6 24. Bxe6 fxe6 25. Nc4 1-0

[Event "Goodricke op 11th"]
[Site "Kolkata"]
[Date "2000.02.08"]
[Round "3"]
[White "Lalic, Bogdan"]
[Black "Kortschnoj, Viktor Lvovich"]
[Result "0-1"]
[WhiteElo "2548"]
[BlackElo "2659"]
[PlyCount "94"]
[EventDate "2000.02.05"]
[EventType "swiss"]
[EventRounds "11"]
[EventCountry "IND"]
[SourceTitle "CBM 074 Extra"]
[Source "ChessBase"]
[SourceDate "2000.03.10"]
[SourceVersion "2"]
[SourceVersionDate "2000.03.10"]
[SourceQuality "1"]

1. e4 e6 2. d4 d5 3. Nc3 Nf6 4. e5 Nfd7 5. f4 c5 6. Nf3 Nc6 7. Be3 a6 8. a3
cxd4 9. Nxd4 Bc5 10. g3 Qb6 11. Na4 Qa5+ 12. Nc3 Qb6 13. Na4 Qa5+ 14. Nc3 Qc7
15. Nce2 O-O 16. Bg2 Nxd4 17. Nxd4 Nb6 18. b3 f6 19. exf6 e5 20. fxe5 Qxe5 21.
Qd2 Rxf6 22. Rf1 Bf5 23. a4 Rc8 24. c3 Re8 25. Rf3 Bg4 26. Rxf6 Bxd4 27. cxd4
Qxe3+ 28. Qxe3 Rxe3+ 29. Kf2 Re2+ 30. Kf1 gxf6 31. h3 Rxg2 32. Kxg2 Bd7 33. Rc1
Bc6 34. Kf3 Nd7 35. g4 Nf8 36. h4 Ne6 37. Ke3 Kg7 38. Rf1 Bd7 39. Rf2 Kg6 40.
Rf1 Nd8 41. Rg1 h6 42. Kf4 Nc6 43. Rd1 h5 44. gxh5+ Kxh5 45. Rg1 Nxd4 46. Rd1
Ne2+ 47. Ke3 d4+ 0-1

[Event "NED-chT 9900"]
[Site "Netherlands"]
[Date "2000.02.26"]
[Round "3"]
[White "Kortschnoj, Viktor Lvovich"]
[Black "Van Wessel, Rudy"]
[Result "1-0"]
[WhiteElo "2659"]
[BlackElo "2309"]
[PlyCount "91"]
[EventDate "2000.02.05"]
[EventType "team-tourn"]
[EventRounds "9"]
[EventCountry "NED"]
[SourceTitle "CBM 074 Extra"]
[Source "ChessBase"]
[SourceDate "2000.03.10"]
[SourceVersion "2"]
[SourceVersionDate "2000.03.10"]
[SourceQuality "1"]
[WhiteTeam "Rotterdam"]
[BlackTeam "Leiden LSG"]
[WhiteTeamCountry "NED"]
[BlackTeamCountry "NED"]

1. c4 e5 2. Nc3 Bb4 3. Nd5 Be7 4. e4 Nf6 5. Nc3 Nc6 6. Nf3 O-O 7. Be2 d6 8. d4
Bg4 9. d5 Bxf3 10. Bxf3 Nd4 11. Be3 c5 12. dxc6 Nxf3+ 13. Qxf3 bxc6 14. O-O Qc8
15. Rac1 Qe6 16. b3 Rfd8 17. Rfd1 h6 18. Rd3 Rd7 19. h3 Bf8 20. Rcd1 Rad8 21.
R1d2 Kh7 22. Qd1 Kg8 23. g4 Be7 24. Kg2 Bf8 25. f3 Kh7 26. Bf2 Be7 27. Bg3 Kh8
28. Nd5 Nxe4 29. fxe4 cxd5 30. Rxd5 Qg6 31. Qf3 Bg5 32. Rd1 Qe6 33. Qf5 Qxf5
34. gxf5 Bf6 35. c5 Rc8 36. cxd6 Rc6 37. Kf3 Ra6 38. a4 Rb6 39. R1d3 a6 40. Bf2
Rc6 41. Bc5 g6 42. b4 Rc8 43. b5 axb5 44. axb5 Re8 45. Ra3 gxf5 46. Ra7 1-0